| 000 | 00901nam a22002417a 4500 | ||
|---|---|---|---|
| 003 | OSt | ||
| 005 | 20260530115319.0 | ||
| 008 | 260508b1974 xxc||||| |||| 00| 0 eng d | ||
| 040 |
_aICI _bspa _cICI |
||
| 050 |
_aHC79.T4 _bF74 1982 |
||
| 100 | 1 |
_aFreeman, Christopher, _eautor. _934233 |
|
| 245 | 1 | 4 |
_aThe economics of industrial innovation / _cChristopher Freeman. |
| 300 | _a409 páginas : | ||
| 500 | _aObra fundamental sobre la relación entre innovación tecnológica y crecimiento económico. | ||
| 504 | _aIncluye referencias bibliográficas e índice. | ||
| 650 | 0 |
_aInnovaciones tecnológicas _xAspectos económicos. _934234 |
|
| 650 | 0 |
_aEconomía industrial. _934235 |
|
| 650 | 0 | _aDesarrollo tecnológico. | |
| 650 | 0 |
_aCambio tecnológico. _934237 |
|
| 650 | 0 |
_aPolítica industrial. _934238 |
|
| 650 | 0 |
_aInvestigación y desarrollo _xAspectos económicos. _934239 |
|
| 942 |
_2lcc _cBK _n1 |
||
| 999 |
_c13726 _d13726 |
||